01017 2200337 4500001002100000005001700021008004100038020002200079035002400101040001200125082001200137084001800149100002300167245015400190260002800344300003100372650002300403700002800426700003300454850001200487990001800499990001800517990001800535990001800553990001800571990001800589990001800607990001800625990001800643990001800661INLIS00000000002228720160905141743.0  a978-602-252-359-8 0010-091600000000059 aYOPDYOG a297.246 a297.246 Nov M aNovi Vidya Sartika aMukjizat Unta Yang Keluar Dari Batu : Nabi Saleh ASc/ Novi Vidya Sartika, Tim Divaro ; editor, Andriansyah Syihabuddin, Andhika Prasetya Kusharsanto aJakartabErlanggac2014 a54 hlm.b: ilus.c; 21 cm. aCerita Nabi - Nabi aAndriansyah Syihabuddin aAndhika Prasetya Kusharsanto aYOPDYOG a10849-KS/B.16 a10850-KS/B.16 a10851-KS/B.16 a10852-KS/B.16 a10853-KS/B.16 a10854-KS/B.16 a10855-KS/B.16 a10856-KS/B.16 a10857-KS/B.16 a10858-KS/B.16